[Event "Vellmar Int.6th op A"]
[Site "Kassel"]
[Date "2014.08.02"]
[Round "5.8"]
[White "Werner, Martin"]
[Black "Ziegenfuss, Holger"]
[Result "1/2-1/2"]
[WhiteElo "1978"]
[BlackElo "2028"]
[PlyCount "31"]
[EventDate "2014.07.31"]
[EventType "swiss"]
[EventRounds "7"]
[EventCountry "GER"]

1. d4 d6 2. e4 Nf6 3. Nc3 e5 4. dxe5 dxe5 5. Qxd8+ Kxd8 6. Bg5 Be6 7. Nf3 Nbd7
8. O-O-O Kc8 9. a3 Bc5 10. Rd2 Ng4 11. Bh4 f6 12. Ne1 c6 13. Nd3 Bd6 14. Nf4
exf4 15. Rxd6 Re8 16. f3 1/2-1/2

[Event "Vellmar Int.6th op A"]
[Site "Kassel"]
[Date "2014.08.02"]
[Round "5.9"]
[White "Heinelt, Manfred"]
[Black "Schnegelsberg, Karl Heinz"]
[Result "1-0"]
[WhiteElo "2201"]
[BlackElo "2007"]
[PlyCount "89"]
[EventDate "2014.07.31"]
[EventType "swiss"]
[EventRounds "7"]
[EventCountry "GER"]

1. c4 Nf6 2. Nc3 g6 3. g3 Bg7 4. Bg2 O-O 5. Nf3 d5 6. cxd5 Nxd5 7. O-O Nc6 8.
Qb3 Nb6 9. d3 h6 10. Bd2 Be6 11. Qd1 Qc8 12. Qc1 Kh7 13. Ne4 f6 14. Nc5 Bf7 15.
Re1 e5 16. b4 a5 17. b5 Nb4 18. a3 N4d5 19. e4 Ne7 20. d4 Nc4 21. Bc3 c6 22.
dxe5 fxe5 23. Nd3 Qe6 24. a4 cxb5 25. axb5 Rfc8 26. Nb2 b6 27. Bf1 Qg4 28. Nd2
Nd6 29. Na4 Rab8 30. Qb2 Bc4 31. Bxe5 Bxf1 32. Rxf1 Bxe5 33. Qxe5 Qd7 34. Rab1
Nf7 35. Qb2 Ng5 36. f4 Nh3+ 37. Kg2 Qg4 38. Qf6 Ng8 39. Qf7+ Kh8 40. Qb3 Rd8
41. Qb2+ Kh7 42. Nc4 Rd3 43. Ne5 Qe6 44. Nxd3 Qxe4+ 45. Kxh3 1-0

[Event "Vellmar Int.6th op A"]
[Site "Kassel"]
[Date "2014.08.02"]
[Round "5.10"]
[White "Humburg, Philipp"]
[Black "Becker, Robin"]
[Result "1-0"]
[WhiteElo "2087"]
[BlackElo "1897"]
[PlyCount "53"]
[EventDate "2014.07.31"]
[EventType "swiss"]
[EventRounds "7"]
[EventCountry "GER"]

1. e4 c5 2. Nf3 e6 3. Qe2 Nc6 4. g3 d6 5. Bg2 Nf6 6. c3 Qc7 7. O-O Be7 8. d4 b6
9. e5 dxe5 10. dxe5 Nd7 11. Na3 a6 12. Nc4 O-O 13. Bf4 Bb7 14. h4 Rfd8 15. h5
Nf8 16. Ne3 b5 17. Ng4 b4 18. Ng5 Bxg5 19. Bxg5 Ne7 20. Nf6+ Kh8 21. Bxb7 Qxb7
22. Ne4 Qc7 23. Nd6 h6 24. Nxf7+ Kg8 25. Bxe7 Qxe7 26. Nxd8 Rxd8 27. Rfd1 1-0

[Event "Vellmar Int.6th op A"]
[Site "Kassel"]
[Date "2014.08.02"]
[Round "5.11"]
[White "Bleecke, Sebastian"]
[Black "Braun, Ingram"]
[Result "1/2-1/2"]
[WhiteElo "1873"]
[BlackElo "2012"]
[PlyCount "35"]
[EventDate "2014.07.31"]
[EventType "swiss"]
[EventRounds "7"]
[EventCountry "GER"]

1. e4 c5 2. Nf3 e6 3. d4 cxd4 4. Nxd4 a6 5. Nc3 Qc7 6. Bd3 Nf6 7. Be3 Bc5 8.
O-O d6 9. Qe2 Nbd7 10. Nf3 Bxe3 11. Qxe3 O-O 12. a4 Nc5 13. h3 Bd7 14. e5 dxe5
15. Nxe5 Nxd3 16. Nxd3 Bc6 17. Rfe1 Rac8 18. Nb4 1/2-1/2

[Event "Vellmar Int.6th op A"]
[Site "Kassel"]
[Date "2014.08.02"]
[Round "5.12"]
[White "Schlachowitsch, Markus"]
[Black "Weber, Andreas"]
[Result "1/2-1/2"]
[WhiteElo "2007"]
[BlackElo "1835"]
[PlyCount "40"]
[EventDate "2014.07.31"]
[EventType "swiss"]
[EventRounds "7"]
[EventCountry "GER"]

1. c4 e6 2. Nf3 d5 3. d4 c5 4. e3 Nc6 5. Nc3 Nf6 6. a3 a6 7. dxc5 Bxc5 8. b4
Ba7 9. cxd5 exd5 10. Nd4 O-O 11. Be2 Re8 12. O-O Ne5 13. h3 Qc7 14. Qb3 Be6 15.
Bb2 Rac8 16. Rac1 Qd6 17. Rfd1 Bb8 18. f4 Nc4 19. Bxc4 dxc4 20. Qc2 Qe7 1/2-1/2

[Event "Vellmar Int.6th op A"]
[Site "Kassel"]
[Date "2014.08.02"]
[Round "5.13"]
[White "Knoth, Eugen"]
[Black "Doescher, Thorsten"]
[Result "1-0"]
[WhiteElo "1986"]
[BlackElo "2038"]
[PlyCount "101"]
[EventDate "2014.07.31"]
[EventType "swiss"]
[EventRounds "7"]
[EventCountry "GER"]

1. d4 d5 2. Nf3 e6 3. Bf4 Bd6 4. Bg3 Nf6 5. e3 O-O 6. Nbd2 b6 7. Ne5 Bb7 8. Bd3
c5 9. c3 Nc6 10. f4 Ne7 11. Qf3 Qc7 12. O-O-O c4 13. Bc2 b5 14. Bh4 b4 15. Bxf6
gxf6 16. Qh3 Ng6 17. Ng4 bxc3 18. Nf3 f5 19. Nh6+ Kh8 20. Ne5 cxb2+ 21. Kb1 Kg7
22. g4 Bxe5 23. fxe5 f4 24. g5 Rh8 25. Rhf1 c3 26. exf4 Ba6 27. f5 Bc4 28. a4
Bxf1 29. Rxf1 Nxe5 30. dxe5 Qxe5 31. fxe6 f5 32. Nxf5+ Kf8 33. Qh6+ Ke8 34.
Qh5+ Kd8 35. Qf7 Kc8 36. Qd7+ Kb8 37. Ne7 Qc7 38. Nc6+ Kb7 39. Na5+ Kb8 40.
Qb5+ Qb6 41. Nc6+ Kc7 42. Rf7+ Kc8 43. Nxa7+ Qxa7 44. Qc6+ Kb8 45. Qd6+ Kc8 46.
Rxa7 Rxa7 47. Bf5 Kb7 48. Qxd5+ Kb8 49. Qe5+ Kb7 50. Qxh8 Rxa4 51. Qxc3 1-0

[Event "Vellmar Int.6th op A"]
[Site "Kassel"]
[Date "2014.08.02"]
[Round "5.16"]
[White "Hartge, Gedeon"]
[Black "Kretzschmar, Arnd"]
[Result "1/2-1/2"]
[WhiteElo "1818"]
[BlackElo "1860"]
[PlyCount "28"]
[EventDate "2014.07.31"]
[EventType "swiss"]
[EventRounds "7"]
[EventCountry "GER"]

1. e4 c5 2. Nc3 a6 3. Nf3 Nc6 4. d4 cxd4 5. Nxd4 g6 6. Be3 Bg7 7. Nb3 d6 8. Be2
Nf6 9. O-O O-O 10. f4 Qc7 11. Bf3 b5 12. Qe2 Bb7 13. Rad1 Nd7 14. Nd5 Qd8
1/2-1/2

[Event "Vellmar Int.6th op A"]
[Site "Kassel"]
[Date "2014.08.02"]
[Round "5.17"]
[White "Fichte, Wolfgang"]
[Black "Lechnauer, Uwe"]
[Result "1-0"]
[WhiteElo "1959"]
[BlackElo "1847"]
[PlyCount "43"]
[EventDate "2014.07.31"]
[EventType "swiss"]
[EventRounds "7"]
[EventCountry "GER"]

1. b4 e5 2. Bb2 f6 3. e4 Bxb4 4. Bc4 Ne7 5. Qh5+ Ng6 6. f4 exf4 7. Ne2 Qe7 8.
O-O Qc5+ 9. Qxc5 Bxc5+ 10. d4 Bd6 11. Nbc3 c6 12. Rae1 b5 13. Bb3 Ba6 14. e5
fxe5 15. Ne4 Bc7 16. dxe5 Nxe5 17. Nxf4 Rf8 18. Bxe5 Bxe5 19. Nc5 d6 20. Nce6
Rf7 21. Nd3 Re7 22. Rf8+ 1-0

[Event "Vellmar Int.6th op A"]
[Site "Kassel"]
[Date "2014.08.02"]
[Round "5.18"]
[White "Kanbach, Mike"]
[Black "Miethe, Christoph"]
[Result "1-0"]
[WhiteElo "1859"]
[BlackElo "1874"]
[PlyCount "59"]
[EventDate "2014.07.31"]
[EventType "swiss"]
[EventRounds "7"]
[EventCountry "GER"]

1. d4 d5 2. Nf3 e6 3. e3 Nf6 4. Bd3 Be7 5. Nbd2 O-O 6. O-O c5 7. c3 Nc6 8. dxc5
Bxc5 9. e4 dxe4 10. Nxe4 Be7 11. Qe2 Nxe4 12. Bxe4 Qc7 13. Qc4 e5 14. Bd5 Bd6
15. Ng5 h6 16. Ne4 Ne7 17. Rd1 Qxc4 18. Bxc4 Bc7 19. Be3 Bf5 20. Ng3 b6 21.
Nxf5 Nxf5 22. Rd7 Nxe3 23. fxe3 Bd8 24. Bd5 Rc8 25. Rxa7 Bg5 26. Kf2 Rcd8 27.
e4 Rd6 28. Rd1 Kh7 29. Ke2 f5 30. Bg8+ 1-0

[Event "Vellmar Int.6th op A"]
[Site "Kassel"]
[Date "2014.08.03"]
[Round "6.1"]
[White "Vogel, Roven"]
[Black "Zuehlke, Burkhard"]
[Result "1-0"]
[WhiteElo "2257"]
[BlackElo "2074"]
[PlyCount "79"]
[EventDate "2014.07.31"]
[EventType "swiss"]
[EventRounds "7"]
[EventCountry "GER"]

1. d4 Nf6 2. Nf3 g6 3. c4 Bg7 4. Nc3 d6 5. e4 O-O 6. Be2 e5 7. O-O Nc6 8. d5
Ne7 9. Ne1 Nd7 10. Nd3 f5 11. f3 f4 12. Bd2 g5 13. Rc1 Ng6 14. c5 Nf6 15. cxd6
cxd6 16. Nf2 Rf7 17. Nb5 Bf8 18. Qc2 Ne8 19. a4 h5 20. h3 Nh4 21. Qc3 a6 22.
Na3 Rg7 23. Nc4 g4 24. fxg4 hxg4 25. hxg4 Nf6 26. Be1 b5 27. Qa5 Qe7 28. Nb6
Bxg4 29. Nxg4 Nxg4 30. Bxg4 Nxg2 31. Be6+ Kh8 32. Kf2 Qh4+ 33. Ke2 f3+ 34. Kd3
Nf4+ 35. Kc2 Rg2+ 36. Kb1 Qh2 37. Bc3 Kg7 38. Nxa8 Nd3 39. Qc7+ Kf6 40. Rxf3+
1-0

[Event "Vellmar Int.6th op A"]
[Site "Kassel"]
[Date "2014.08.03"]
[Round "6.2"]
[White "Langheinrich, Ferenc"]
[Black "Plueg, Andreas"]
[Result "1-0"]
[WhiteElo "2444"]
[BlackElo "2305"]
[PlyCount "68"]
[EventDate "2014.07.31"]
[EventType "swiss"]
[EventRounds "7"]
[EventCountry "GER"]

1. Nf3 d5 2. g3 c6 3. Bg2 Bf5 4. O-O e6 5. d3 Be7 6. c4 Nf6 7. cxd5 exd5 8. Qc2
O-O 9. Nh4 Bd7 10. e4 dxe4 11. dxe4 Qc8 12. Nc3 Na6 13. a3 Nc7 14. b3 Bh3 15.
Bb2 Bxg2 16. Kxg2 Re8 17. Rfe1 Qg4 18. f3 Qh5 19. Nf5 Ne6 20. Ne2 Ng5 21. Ng1
Rad8 22. Rad1 Rxd1 23. Rxd1 Ne6 24. b4 Qg6 25. Ne2 Bf8 26. Bc1 a6 27. g4 h6 28.
Neg3 h5 29. Nh4 Qh7 30. g5 Nd5 31. Ne2 Ne7 32. f4 Rd8 33. f5 Rxd1 34. Qxd1 Nc7
1-0

[Event "Vellmar Int.6th op A"]
[Site "Kassel"]
[Date "2014.08.03"]
[Round "6.3"]
[White "Tschoepe, Nino"]
[Black "Schneider, Ilja"]
[Result "0-1"]
[WhiteElo "1897"]
[BlackElo "2488"]
[PlyCount "114"]
[EventDate "2014.07.31"]
[EventType "swiss"]
[EventRounds "7"]
[EventCountry "GER"]

1. d4 d5 2. c4 Nc6 3. cxd5 Qxd5 4. Nf3 e5 5. Nc3 Bb4 6. Bd2 Bxc3 7. Bxc3 e4 8.
Ne5 e3 9. Nxc6 exf2+ 10. Kxf2 bxc6 11. e4 Qxe4 12. Be2 Nf6 13. Bf3 Qf4 14. Re1+
Be6 15. Kg1 O-O 16. Rc1 Rad8 17. Re5 Bd5 18. Rc2 Bxf3 19. Qxf3 Qxf3 20. gxf3
Nd5 21. Ba5 Rd6 22. a3 Rb8 23. Rce2 Kf8 24. Rc2 Rb3 25. Rce2 g6 26. Re8+ Kg7
27. Ra8 Rxf3 28. Rxa7 Nf4 29. Rd2 Rd5 30. h4 Rh5 31. Bxc7 Rxh4 32. Be5+ Kh6 33.
Rh2 Rxh2 34. Kxh2 Nd3 35. b4 Nxe5 36. dxe5 Re3 37. Rxf7 Rxe5 38. Rc7 Re3 39.
Rxc6 Rxa3 40. b5 Rb3 41. b6 Kg5 42. Rc7 h5 43. b7 h4 44. Rc5+ Kg4 45. Rc4+ Kh5
46. Rc5+ g5 47. Rc7 Rb2+ 48. Kg1 h3 49. Rc3 Kh4 50. Rc4+ g4 51. Rc7 Rb3 52. Rd7
Rb1+ 53. Kf2 g3+ 54. Kf3 g2 55. Rd4+ Kg5 56. Rg4+ Kf5 57. Rg7 Rxb7 0-1

[Event "Vellmar Int.6th op A"]
[Site "Kassel"]
[Date "2014.08.03"]
[Round "6.4"]
[White "Klek, Hanna Marie"]
[Black "Stabernack, Joschi"]
[Result "1-0"]
[WhiteElo "2232"]
[BlackElo "2084"]
[PlyCount "91"]
[EventDate "2014.07.31"]
[EventType "swiss"]
[EventRounds "7"]
[EventCountry "GER"]

1. e4 c5 2. Nf3 d6 3. d4 cxd4 4. Nxd4 Nf6 5. Nc3 a6 6. Bg5 Nbd7 7. Bc4 Qa5 8.
Qd2 e6 9. O-O Be7 10. Rae1 h6 11. Bh4 O-O 12. Kh1 Nc5 13. Qe2 Qc7 14. Bd3 b5
15. Bg3 e5 16. Nb3 Be6 17. f4 b4 18. Nd1 Bg4 19. Qd2 Nxd3 20. cxd3 Nh5 21. Ne3
exf4 22. Nd5 Qd8 23. Bxf4 Nxf4 24. Qxf4 Be6 25. Nxb4 Qb6 26. Nd5 Bxd5 27. exd5
Bf6 28. Re2 a5 29. Qg4 Rfe8 30. Rc2 Qe3 31. Nc1 Qe1 32. Qf3 Qh4 33. Ne2 Re7 34.
Ng3 Be5 35. Rc4 Bxg3 36. Rxh4 Bxh4 37. Qf4 Bf6 38. Qxd6 Rae8 39. g3 Bxb2 40.
Qb6 Ba3 41. Qxa5 Bd6 42. Qb6 Bc7 43. Qc6 Rd8 44. Rb1 Rd6 45. Qc5 Red7 46. Rb5
1-0

[Event "Vellmar Int.6th op A"]
[Site "Kassel"]
[Date "2014.08.03"]
[Round "6.5"]
[White "Hilverda, Alexander"]
[Black "Prieto, Marcelo"]
[Result "1-0"]
[WhiteElo "2301"]
[BlackElo "2010"]
[PlyCount "59"]
[EventDate "2014.07.31"]
[EventType "swiss"]
[EventRounds "7"]
[EventCountry "GER"]

1. d4 Nf6 2. c4 g6 3. Nc3 d5 4. Nf3 Bg7 5. Qb3 dxc4 6. Qxc4 O-O 7. e4 Na6 8.
Be2 c5 9. d5 e6 10. O-O exd5 11. exd5 Bf5 12. Be3 Re8 13. Rad1 Qb6 14. d6 Qb4
15. Ng5 h6 16. Qxf7+ Kh8 17. Nf3 Rf8 18. Qb3 Ng4 19. Bc1 Qxb3 20. axb3 Bc2 21.
Rd2 Bxb3 22. Nh4 Ne5 23. f4 Nc4 24. Bxc4 Bxc4 25. Nxg6+ Kg8 26. Nxf8 Bd4+ 27.
Rxd4 cxd4 28. Rd1 d3 29. Ng6 Nc5 30. Be3 1-0

[Event "Vellmar Int.6th op A"]
[Site "Kassel"]
[Date "2014.08.03"]
[Round "6.6"]
[White "Kolthoff, Siegmund"]
[Black "Heinelt, Manfred"]
[Result "1-0"]
[WhiteElo "2064"]
[BlackElo "2201"]
[PlyCount "49"]
[EventDate "2014.07.31"]
[EventType "swiss"]
[EventRounds "7"]
[EventCountry "GER"]

1. Nf3 c5 2. c4 b6 3. e3 Nf6 4. Nc3 e6 5. d4 Bb7 6. d5 exd5 7. cxd5 d6 8. Be2
g6 9. O-O Bg7 10. e4 O-O 11. Bf4 a6 12. a4 Nh5 13. Bg5 Qc7 14. Nd2 Nf6 15. Bf4
Nbd7 16. Qc2 Ne8 17. Bg3 f5 18. f4 Bd4+ 19. Kh1 fxe4 20. Ndxe4 Ng7 21. Bg4 Nf5
22. Bf2 h6 23. Bxf5 Rxf5 24. Ng3 Rf6 25. Nce4 1-0

[Event "Vellmar Int.6th op A"]
[Site "Kassel"]
[Date "2014.08.03"]
[Round "6.7"]
[White "Berresheim, Helmut"]
[Black "Knoth, Eugen"]
[Result "1/2-1/2"]
[WhiteElo "2116"]
[BlackElo "1986"]
[PlyCount "37"]
[EventDate "2014.07.31"]
[EventType "swiss"]
[EventRounds "7"]
[EventCountry "GER"]

1. d4 Nf6 2. c4 e5 3. dxe5 Ne4 4. Nf3 Nc6 5. a3 a5 6. Nbd2 Nc5 7. b3 d6 8. exd6
Bxd6 9. Bb2 Qe7 10. Qc2 O-O 11. e3 Bg4 12. Be2 Rad8 13. Rd1 f5 14. h3 Bh5 15.
O-O Bg6 16. Qc3 f4 17. exf4 Bxf4 18. Rfe1 Qf7 19. Ba1 1/2-1/2

[Event "Vellmar Int.6th op A"]
[Site "Kassel"]
[Date "2014.08.03"]
[Round "6.8"]
[White "Ziegenfuss, Holger"]
[Black "Humburg, Philipp"]
[Result "1/2-1/2"]
[WhiteElo "2028"]
[BlackElo "2087"]
[PlyCount "84"]
[EventDate "2014.07.31"]
[EventType "swiss"]
[EventRounds "7"]
[EventCountry "GER"]

1. Nf3 Nf6 2. g3 d5 3. c4 e6 4. b3 c5 5. Bb2 d4 6. b4 Nc6 7. b5 Ne7 8. e3 dxe3
9. fxe3 Ng6 10. Bg2 h5 11. Ng5 Ng4 12. Ne4 N6e5 13. O-O Nxc4 14. Bc3 e5 15. h3
Nf6 16. Qe2 Nb6 17. Qf3 Nbd7 18. d4 cxd4 19. exd4 Qb6 20. Nbd2 Be7 21. Nc4 Qe6
22. d5 Nxd5 23. Qxf7+ Qxf7 24. Ncd6+ Bxd6 25. Nxd6+ Ke7 26. Nxf7 Nxc3 27. Nxh8
Nf6 28. Ng6+ Kd6 29. a4 e4 30. Ra3 Ncd5 31. Nf4 Nxf4 32. Rxf4 Ke5 33. Rc3 b6
34. Rc7 g5 35. Rf1 Be6 36. Rg7 Rg8 37. Rxa7 Nd5 38. Re1 Bf5 39. a5 bxa5 40.
Rxa5 Rb8 41. g4 hxg4 42. hxg4 Bg6 1/2-1/2

[Event "Vellmar Int.6th op A"]
[Site "Kassel"]
[Date "2014.08.03"]
[Round "6.9"]
[White "Braun, Ingram"]
[Black "Werner, Martin"]
[Result "1/2-1/2"]
[WhiteElo "2012"]
[BlackElo "1978"]
[PlyCount "32"]
[EventDate "2014.07.31"]
[EventType "swiss"]
[EventRounds "7"]
[EventCountry "GER"]

1. e4 c6 2. d4 d5 3. e5 Bf5 4. Be3 e6 5. Nd2 Nd7 6. f4 Nh6 7. Be2 c5 8. dxc5
Bxc5 9. Bxc5 Nxc5 10. Bb5+ Ke7 11. Ngf3 a6 12. Be2 Ng4 13. Nf1 Qb6 14. Qd4 Rac8
15. h3 Nh6 16. Ne3 Rc6 1/2-1/2

[Event "Vellmar Int.6th op A"]
[Site "Kassel"]
[Date "2014.08.03"]
[Round "6.11"]
[White "Maar, Samuel"]
[Black "Schlachowitsch, Markus"]
[Result "1-0"]
[WhiteElo "1775"]
[BlackElo "2007"]
[PlyCount "41"]
[EventDate "2014.07.31"]
[EventType "swiss"]
[EventRounds "7"]
[EventCountry "GER"]

1. c4 e5 2. g3 Nf6 3. Bg2 d5 4. e3 d4 5. d3 dxe3 6. Bxe3 c6 7. Ne2 Be7 8. O-O
O-O 9. Nbc3 Be6 10. b3 Ng4 11. Bc1 f5 12. d4 e4 13. Nf4 Bf7 14. f3 exf3 15.
Bxf3 Bf6 16. Nfe2 Qb6 17. c5 Qa5 18. Bd2 Qb4 19. Bxg4 fxg4 20. Rf4 Qa5 21. Nd5
1-0

[Event "Vellmar Int.6th op A"]
[Site "Kassel"]
[Date "2014.08.03"]
[Round "6.12"]
[White "Weber, Andreas"]
[Black "Hylkema, Remco"]
[Result "0-1"]
[WhiteElo "1835"]
[BlackElo "1998"]
[PlyCount "114"]
[EventDate "2014.07.31"]
[EventType "swiss"]
[EventRounds "7"]
[EventCountry "GER"]

1. e4 c5 2. d4 cxd4 3. c3 dxc3 4. Nxc3 e6 5. Nf3 a6 6. Bc4 Qc7 7. Qe2 b5 8. Bb3
Bc5 9. O-O Ne7 10. Bg5 O-O 11. Rac1 Qa7 12. Rfd1 d6 13. Bc2 Ng6 14. a3 h6 15.
Bd2 Ne5 16. b4 Nxf3+ 17. Qxf3 Bd4 18. Ne2 Bb2 19. Rb1 Be5 20. Be3 Qe7 21. Qh3
Nc6 22. f4 Bf6 23. e5 dxe5 24. Bc5 Qb7 25. Bxf8 Kxf8 26. Be4 Qb6+ 27. Kh1 Rb8
28. Bxc6 Qxc6 29. fxe5 Bxe5 30. Rbc1 Qe8 31. Qh5 Bf6 32. Rc7 Be7 33. Rf1 Bb7
34. Nf4 Kg8 35. Qe5 Bf6 36. Qc5 Bd8 37. Nh5 Bxc7 38. Qxc7 Bd5 39. Qe5 Qf8 40.
Nxg7 Bxg2+ 41. Kg1 Bxf1 42. Nh5 f5 43. Kxf1 Rb7 44. Nf6+ Kf7 45. Nh5 Kg6 46.
Nf4+ Kh7 47. Nh5 Qf7 48. Nf4 Re7 49. Kf2 Qg7 50. Qd6 e5 51. Nh5 Qf7 52. Nf6+
Kg7 53. Nh5+ Kf8 54. Qxh6+ Ke8 55. Qc6+ Kd8 56. Qd6+ Kc8 57. Qxa6+ Rb7 0-1

[Event "Vellmar Int.6th op A"]
[Site "Kassel"]
[Date "2014.08.03"]
[Round "6.13"]
[White "Schnegelsberg, Karl Heinz"]
[Black "Hartge, Gedeon"]
[Result "0-1"]
[WhiteElo "2007"]
[BlackElo "1818"]
[PlyCount "50"]
[EventDate "2014.07.31"]
[EventType "swiss"]
[EventRounds "7"]
[EventCountry "GER"]

1. Nf3 Nf6 2. g3 g6 3. Bg2 Bg7 4. O-O O-O 5. d3 d6 6. e4 c5 7. Nbd2 Nc6 8. c3
Qc7 9. Nc4 b5 10. Ne3 Rb8 11. a4 b4 12. Nc4 Be6 13. Nfd2 Nd7 14. Nb1 Bxc4 15.
dxc4 Na5 16. Nd2 bxc3 17. bxc3 Bxc3 18. Ra3 Bxd2 19. Bxd2 Nxc4 20. Bh6 Nxa3 21.
Qa1 e5 22. Qxa3 Rfe8 23. f4 c4 24. f5 Qc5+ 25. Qxc5 Nxc5 0-1

[Event "Vellmar Int.6th op A"]
[Site "Kassel"]
[Date "2014.08.03"]
[Round "6.14"]
[White "Tietze, Manfred"]
[Black "Fichte, Wolfgang"]
[Result "1/2-1/2"]
[WhiteElo "1914"]
[BlackElo "1959"]
[PlyCount "108"]
[EventDate "2014.07.31"]
[EventType "swiss"]
[EventRounds "7"]
[EventCountry "GER"]

1. f4 d5 2. Nf3 e6 3. e3 f5 4. b3 Nf6 5. Bb2 Be7 6. Be2 O-O 7. O-O c5 8. Ne5
Nc6 9. Nxc6 bxc6 10. Bf3 Qb6 11. Nc3 Ba6 12. d3 c4 13. Re1 cxd3 14. cxd3 Rac8
15. Na4 Qb5 16. Be2 Bb4 17. Bc3 Bxc3 18. Nxc3 Qc5 19. Qd2 d4 20. Na4 Qd6 21.
Bf3 Nd5 22. Bxd5 Qxd5 23. Rac1 c5 24. Nb2 Rf6 25. Nc4 dxe3 26. Qxe3 Bb7 27. Rc2
Qd4 28. Ne5 Rff8 29. Rc4 Qxe3+ 30. Rxe3 Rfd8 31. g3 Rd4 32. Rc3 a5 33. Nc4 a4
34. Rxe6 axb3 35. axb3 Ra8 36. Ne5 Bd5 37. Rb6 Rb4 38. Rd6 Rxb3 39. Rxb3 Bxb3
40. Rc6 Ra1+ 41. Kf2 Ra2+ 42. Ke3 h6 43. Rxc5 Rxh2 44. d4 Bd1 45. Rc8+ Kh7 46.
d5 Re2+ 47. Kd4 Rd2+ 48. Nd3 Be2 49. Rc3 Kg6 50. Ke3 Rxd3+ 51. Rxd3 Bxd3 52.
Kxd3 Kf6 53. Kd4 g5 54. fxg5+ hxg5 1/2-1/2

[Event "Vellmar Int.6th op A"]
[Site "Kassel"]
[Date "2014.08.03"]
[Round "6.15"]
[White "Becker, Robin"]
[Black "Masius, Patrick"]
[Result "1/2-1/2"]
[WhiteElo "1897"]
[BlackElo "1804"]
[PlyCount "129"]
[EventDate "2014.07.31"]
[EventType "swiss"]
[EventRounds "7"]
[EventCountry "GER"]

1. e4 Nf6 2. e5 Nd5 3. d4 d6 4. c4 Nb6 5. f4 g5 6. Nc3 gxf4 7. Bxf4 Bg7 8. exd6
cxd6 9. Be3 Nc6 10. Be2 Bf5 11. Nf3 O-O 12. O-O Bg6 13. Qd2 d5 14. c5 Nc4 15.
Bxc4 dxc4 16. b3 cxb3 17. axb3 Nb4 18. Ra4 Nd5 19. Nxd5 Qxd5 20. b4 a6 21. Kh1
Rad8 22. Qa2 Be4 23. Qxd5 Rxd5 24. Ra3 Bxf3 25. gxf3 Bxd4 26. Bxd4 Rxd4 27. b5
axb5 28. Rb3 b4 29. Rfb1 Rc8 30. Rxb4 Rxb4 31. Rxb4 Rxc5 32. Rxb7 e5 33. Kg2
Kg7 34. Rb4 Rd5 35. Rg4+ Kf6 36. Rh4 Kg6 37. Rg4+ Kf6 38. Rh4 Kg7 39. Rg4+ Kh8
40. Ra4 h6 41. Kg3 Kh7 42. Ra6 Kg7 43. Kg4 f6 44. Rb6 Kg6 45. Rb8 Rd4+ 46. Kg3
h5 47. h4 Rd3 48. Rb4 Kf5 49. Rb5 Rd8 50. Rb6 Rg8+ 51. Kf2 Rd8 52. Kg3 Rd1 53.
Ra6 Rd3 54. Ra5 Kg6 55. Ra4 Rd4 56. Ra8 Rd7 57. Ra4 Rd6 58. Ra8 f5 59. Rg8+ Kf7
60. Rg5 Rg6 61. f4 e4 62. Kf2 Rxg5 63. fxg5 f4 64. Ke2 Kg6 65. Kf2 1/2-1/2

[Event "Vellmar Int.6th op A"]
[Site "Kassel"]
[Date "2014.08.03"]
[Round "6.18"]
[White "Kretzschmar, Arnd"]
[Black "Lechnauer, Uwe"]
[Result "1-0"]
[WhiteElo "1860"]
[BlackElo "1847"]
[PlyCount "75"]
[EventDate "2014.07.31"]
[EventType "swiss"]
[EventRounds "7"]
[EventCountry "GER"]

1. d4 d5 2. c4 e5 3. dxe5 d4 4. Nf3 Nc6 5. a3 Be6 6. Qc2 Nge7 7. b4 Bf5 8. Qd1
Ng6 9. Bb2 Ngxe5 10. Nxe5 Nxe5 11. e3 Bg4 12. Qxd4 Qxd4 13. Bxd4 Nc6 14. Be2
Nxd4 15. exd4 Bxe2 16. Kxe2 O-O-O 17. Rd1 Bd6 18. Nc3 Rhe8+ 19. Kf1 c6 20. g3
Re7 21. Re1 Rde8 22. Rxe7 Rxe7 23. Re1 Kd7 24. Rxe7+ Kxe7 25. Ne4 f5 26. Nxd6
Kxd6 27. Ke2 g5 28. Ke3 b5 29. cxb5 cxb5 30. g4 Ke6 31. Kd3 Kf6 32. Ke3 Ke6 33.
h3 Kf6 34. f4 h6 35. fxg5+ hxg5 36. gxf5 Kxf5 37. Kf3 a6 38. Ke3 1-0

[Event "Vellmar Int.6th op A"]
[Site "Kassel"]
[Date "2014.08.03"]
[Round "6.20"]
[White "Miethe, Christoph"]
[Black "Pabst, Olaf"]
[Result "1-0"]
[WhiteElo "1874"]
[BlackElo "1674"]
[PlyCount "63"]
[EventDate "2014.07.31"]
[EventType "swiss"]
[EventRounds "7"]
[EventCountry "GER"]

1. e4 e6 2. d4 d5 3. e5 c5 4. c3 Nc6 5. Nf3 Bd7 6. Be2 Qb6 7. a3 c4 8. O-O Na5
9. Nbd2 Ba4 10. Qxa4+ Nc6 11. Bxc4 O-O-O 12. Bd3 h6 13. b4 Kb8 14. Bb2 f6 15.
c4 fxe5 16. c5 Qc7 17. dxe5 g5 18. Nd4 Nxd4 19. Bxd4 Bg7 20. c6 b6 21. Nf3 Ne7
22. Rac1 g4 23. Nd2 h5 24. Qb5 Rdf8 25. Nb3 Ka8 26. a4 Nf5 27. Bxf5 Rxf5 28. a5
Rb8 29. axb6 Rxb6 30. Bxb6 axb6 31. Ra1+ Kb8 32. Nc5 1-0

[Event "Vellmar Int.6th op A"]
[Site "Kassel"]
[Date "2014.08.03"]
[Round "7.1"]
[White "Klek, Hanna Marie"]
[Black "Vogel, Roven"]
[Result "1/2-1/2"]
[WhiteElo "2232"]
[BlackElo "2257"]
[PlyCount "58"]
[EventDate "2014.07.31"]
[EventType "swiss"]
[EventRounds "7"]
[EventCountry "GER"]

1. e4 e6 2. d4 d5 3. Nc3 Nf6 4. Bg5 dxe4 5. Nxe4 Be7 6. Bxf6 Bxf6 7. Nf3 Nd7 8.
Qd2 Be7 9. O-O-O Nf6 10. Nxf6+ Bxf6 11. Bc4 O-O 12. h4 Bd7 13. Ng5 h6 14. f4 g6
15. Ne4 Bc6 16. Nxf6+ Qxf6 17. Rh2 h5 18. Be2 Kg7 19. g4 hxg4 20. Bxg4 Rh8 21.
h5 Rad8 22. c3 gxh5 23. Bxh5 Kf8 24. Rg1 Be4 25. Rg5 Rd5 26. Re5 Qg7 27. Bd1
Rxh2 28. Qxh2 Rxe5 29. dxe5 b6 1/2-1/2

[Event "Vellmar Int.6th op A"]
[Site "Kassel"]
[Date "2014.08.03"]
[Round "7.2"]
[White "Schneider, Ilja"]
[Black "Langheinrich, Ferenc"]
[Result "1-0"]
[WhiteElo "2488"]
[BlackElo "2444"]
[PlyCount "57"]
[EventDate "2014.07.31"]
[EventType "swiss"]
[EventRounds "7"]
[EventCountry "GER"]

1. d4 e6 2. e4 d5 3. Bd3 dxe4 4. Bxe4 Nf6 5. Bf3 c5 6. Ne2 Nc6 7. Be3 Nd5 8.
Bxd5 Qxd5 9. Nbc3 Qxg2 10. Rg1 Qxh2 11. Bf4 Qh5 12. Nb5 e5 13. dxe5 Nxe5 14.
Nc7+ Ke7 15. Rg3 Bg4 16. Qd5 Nf3+ 17. Rxf3 Qxd5 18. Nxd5+ Kd7 19. Re3 Kc6 20.
Rd1 Rc8 21. Ne7+ Bxe7 22. Rxe7 Rhd8 23. Rxd8 Rxd8 24. Rc7+ Kb6 25. Rxf7 Re8 26.
Be3 Be6 27. Rxg7 Bxa2 28. b3 Ka6 29. Nc3 1-0

[Event "Vellmar Int.6th op A"]
[Site "Kassel"]
[Date "2014.08.03"]
[Round "7.3"]
[White "Plueg, Andreas"]
[Black "Zuehlke, Burkhard"]
[Result "1-0"]
[WhiteElo "2305"]
[BlackElo "2074"]
[PlyCount "91"]
[EventDate "2014.07.31"]
[EventType "swiss"]
[EventRounds "7"]
[EventCountry "GER"]

1. d4 Nf6 2. Nf3 g6 3. Bf4 Bg7 4. e3 d6 5. h3 c5 6. c3 Nbd7 7. Be2 O-O 8. O-O
b6 9. a4 Rb8 10. Bh2 Bb7 11. Nbd2 Re8 12. Qc2 cxd4 13. exd4 Nd5 14. a5 Bh6 15.
axb6 axb6 16. Ra7 Nf4 17. Bxf4 Bxf4 18. Rxb7 Rxb7 19. Qe4 Ra7 20. Qxf4 e5 21.
dxe5 dxe5 22. Qc4 Rc7 23. Qb4 Kg7 24. Ne4 Nc5 25. Rd1 Qe7 26. Bb5 Ra8 27. Rc1
f5 28. Ng3 e4 29. Nd4 Qe5 30. Bf1 Re8 31. Bb5 Ra8 32. Nc6 Qf6 33. Nd4 Qe5 34.
Nb3 Rd8 35. Nf1 Ne6 36. Ne3 Qf6 37. Bf1 Nf4 38. Nd4 Rdd7 39. Qb3 Re7 40. g3 Nd3
41. Bxd3 exd3 42. Rd1 Rxe3 43. fxe3 Qe5 44. Kf2 Re7 45. Rxd3 Qe4 46. Qd1 1-0